Statistics for Sacred Mountains of China 三山五嶽四大名山

Click here to take the quiz!

General Stats

  • This quiz has been taken 23 times
  • The average score is 6 of 12

Answers on the Map

Answers color-coded by a green-red scale on the quiz's map according to % correct below.
 

Answer Stats

HintAnswer% Correct
Five Great Mountains 五嶽Mount Tai 泰山
95%
Five Great Mountains 五嶽Mount Hua 華山
86%
Three Famous Mountains 三山Mount Huang 黃山
76%
Five Great Mountains 五嶽Mount Heng 衡山
67%
Five Great Mountains 五嶽Mount Heng 恆山
67%
Four Sacred Mountains of Buddhism 四大佛教名山Mount Emei 峨嵋山
62%
Three Famous Mountains 三山Mount Lu 廬山
43%
Five Great Mountains 五嶽Mount Song 嵩山
43%
Four Sacred Mountains of Buddhism 四大佛教名山Mount Wutai 五台山
43%
Four Sacred Mountains of Buddhism 四大佛教名山Mount Putuo 普陀山
33%
Four Sacred Mountains of Buddhism 四大佛教名山Mount Jiuhua 九華山
24%
Three Famous Mountains 三山Mount Yandang 雁蕩山
10%

Score Distribution

Percentile by Number Answered

Percent of People with Each Score

Your Score History

You have not taken this quiz